| 000 | 01055nam a2200205Ia 4500 | ||
|---|---|---|---|
| 999 |
_c38410 _d38410 |
||
| 001 | 4421 | ||
| 003 | GE_BSU | ||
| 005 | 20190515194958.0 | ||
| 008 | 181216s1998|||| |||||||||||||| ||geo|| | ||
| 040 | _cGE_BSU | ||
| 041 | _ageo | ||
| 080 | _a629.13(975.8) ბ–89 | ||
| 100 |
_aბოჭორიშვილი, ნ. _91201 |
||
| 245 |
_aუსაფრთხოების ტექნიკის საფუძვლები საავტომობილო ტრანსპორტის საწარმოებში : სახელმძღვ. / _c ნ.ბოჭორიშვილი ; რედ : მ. ძიძიგური. |
||
| 264 |
_aთბილისი : _bტექნ. უნ-ტი, _c1998. |
||
| 300 |
_a201 გვ .; _c20 სმ. |
||
| 653 | _aუსაფრთხოების ტექნიკა საავტომობილო ტრანსპორტის საწარმოებში | ||
| 700 |
_aძიძიგური, მ _eრედაქტორი _9472 |
||
| 942 |
_cBK _2udc |
||